Score 0/30 Timer 08:00
0 Plays Today
% Correct
Feanor
98.4%
Finwe
94.7%
Elwe
94.3%
Fingolfin
93.8%
Celeborn
91%
Elrond
90.4%
Turgon
89.5%
Maedhros
89.2%
Finrod
87.3%
Finarfin
84.9%
Curufin
84%
Beleg
83.1%
Eol
82.7%
Fingon
82.3%
Celebrimbor
81.2%
% Correct
Maeglin
80.7%
Olwe
79.9%
Gil-galad
79%
Maglor
77.6%
Celegorm
75.9%
Amrod
72.4%
Amras
71.8%
Cirdan
71.5%
Caranthir
71.2%
Dior
70.5%
Ingwe
65.6%
Orodreth
60.6%
Mablung
42.1%
Saeros
36.6%
Gwildor
8%
Remove Ads.
Support Sporcle.
Get the best of Sporcle when you Go Orange. This ad-free experience offers more features, more stats, and more fun while also helping to support Sporcle. Thank you for becoming a member.

You're not logged in!

Compare scores with friends on all Sporcle quizzes.
OR
Log In

Show Comments

Extras

Top Quizzes Today


Score Distribution

Your Account Isn't Verified!

In order to create a playlist on Sporcle, you need to verify the email address you used during registration. Go to your Sporcle Settings to finish the process.

Report this User

Report this user for behavior that violates our Community Guidelines.

Details: